000 00892nam a22002175i 4500
001 158166
003 ES-MaACL
005 20250728095020.0
008 040824s1885 sp |||| | spa d
040 _aCAM
_bspa
_cCAM
100 1 _aLozano, Fernando (
_d1844-1935)
_974416
245 1 0 _aBatallas del libre-pensamiento
_b: segunda coleccion de artículos publicados en Las Dominicales bajo este seudónimo /
_cpor Demófilo.
260 _aMadrid :
_b[s.n.],
_c1885 (
_fTipografía de Alfredo Alonso)
300 _aXVI, 183 p. ;
_c19 cm.
490 1 _aBiblioteca del libre-pensamiento ;
_v3
594 _aDemófilo es seudónimo de Fernando Lozano.
650 7 _aLiberalismo
_2embne
_914386
830 0 _aBiblioteca del libre-pensamiento ;
_v3
_9188214
852 _aES-MaACL
_jD-3669
_z-- Enc. hol. conservando la cub. original
_z-- Legado M. de la Fuente
999 _c158166
_d158166